00974cam a2200265 a 4500008004100000020002500041100002200066245013500088260004600223300002700269440007200296500002000368504004100388650003100429650002900460650002500489650004400514650002500558650002400583650002500607650004900632003000100681005001700682040000900699  a9781412939805 (hbk.)1 aSantee, Robert G.13aAn integrative approach to counseling :bbridging Chinese thought, evolutionary theory, and stress management /cRobert G. Santee. aLos Angeles :bSAGE Publications,cc2007. axiii, 281 p. ;c24 cm.1 aMulticultural aspects of counseling and psychotherapy series ;v23. aIncludes index. aIncludes bibliographical references. 0aCross-cultural counseling. 0aEvolutionary psychology. 0aStress (Psychology). 0aStress (Psychology)xReligious aspects.12aCounselingxmethods.22aCultural Diversity.22aSpiritual Therapies.22aStress, Psychologicalxprevention & control.20230123124939.0 cNUST